Vector analysis: (Record no. 157928)

MARC details
000 -LEADER
fixed length control field 00757nam a22002057a 4500
005 - DATE AND TIME OF LATEST TRANSACTION
control field 20181011105526.0
010 ## - LCCN (DPL NO)
LC control number ENG-124250
020 ## - INTERNATIONAL STANDARD BOOK NUMBER
International Standard Book Number 9789384294939
Terms of availability 300.00
035 ## - SYSTEM CONTROL NUMBER
System control number EN-107782
037 ## - SOURCE OF ACQUISITION
Source of stock number/acquisition DBAD/PUB.
082 ## - DEWEY DECIMAL CLASSIFICATION NUMBER
Classification number 515.63
100 ## - MAIN ENTRY--PERSONAL NAME
Personal name Mukherjee, Arup Kumar
245 ## - TITLE STATEMENT
Title Vector analysis:
Statement of responsibility, etc by Arup Kumar Mukherjee [and] Naba Kumar Bej
Remainder of title part-1: vector algebra, part-II: vector calculus /
260 ## - PUBLICATION, DISTRIBUTION, ETC. (IMPRINT)
Place of publication, distribution, etc Kolkata
Name of publisher, distributor, etc Books and Allied (P) Ltd.
Date of publication, distribution, etc 2018
270 ## - ADDRESS
Address N0-1.- E(1) Shubham Plaza 83/1, Beliaghata Main Road,
City Kolkata
Postal code 700010
300 ## - PHYSICAL DESCRIPTION
Extent vii,420p.
Dimensions 24cm(pbk)
500 ## - GENERAL NOTE
General note It includes Appendix A & B, bibliography, index and university questions
700 ## - ADDED ENTRY--PERSONAL NAME
Personal name Bej, Naba Kumar
942 ## - ADDED ENTRY ELEMENTS (KOHA)
Source of classification or shelving scheme Dewey Decimal Classification
Item type English Books
Call number suffix MUK
Classification part 515.63
Holdings
Withdrawn status Lost status Not for loan Collection code Home library Current library Date acquired Source of acquisition Cost, normal purchase price Full call number Barcode Copy number Cost, replacement price Koha item type
    Not For Loan Non-fiction D.B.Act.Division Patel Nagar 11/10/2018 DBAD/PUB 300.00 515.63 MUK EN-107782 1 300.00 English Books

© Delhi Public Library
Hit Counter
free hit counter